| 000 | 00381cam a2200169ua 4500 | ||
|---|---|---|---|
| 001 | 2532 | ||
| 008 | 131126n II |||gr||||Z||||||hin | ||
| 040 | _aMAIN | ||
| 041 | _aEnglish | ||
| 082 | _a891.43 SAX | ||
| 100 | _aSAXENA, KRIPA NARAYAN. | ||
| 245 | _aRASAYAN KE CHAMATKAR | ||
| 260 |
_a[s.l: _bs.n.] _c1983. |
||
| 300 |
_a116.: _c20CM. |
||
| 653 | _aHindi Books | ||
| 942 | _cBK | ||
| 999 |
_c2526 _d2526 |
||